000 00373nam a2200169Ia 4500
100 _aShashidharan/K.P
650 _agovernment Jobs
942 _cBK
366 _f28
654 _agovernment jobs.
245 _aHow to get government jobs
260 _bJaico Publishing House
_c2015
082 _bSHA
300 _a280
546 _aENGLISH
_cComputers
999 _c21775
_d21775